000 00274nam a2200097Ia 4500
001 684255
005 20250826161454.0
008 250824s9999 xx 000 0 und d
245 0 _aÇOCUKLUĞUM (MAKSIM GORKI) (ANTİK YENİ)
_cMAKSIM GORKI
260 _bANTİK DÜNYA KLASİKLERİ
999 _c684255
_d684255